<?xml version="1.0" encoding="UTF-8"?>
<marc:record xmlns:marc="http://www.loc.gov/MARC21/slim">
   <marc:leader>00000nam a2200000 a 4500</marc:leader>
   <marc:datafield ind1="1" ind2=" " tag="100">
      <marc:subfield code="a">Schmidt, Paul</marc:subfield>
      <marc:subfield code="4">aut</marc:subfield>
      <marc:subfield code="e">Verfasser/-in</marc:subfield>
   </marc:datafield>
   <marc:datafield ind1="1" ind2=" " tag="100">
      <marc:subfield code="a">Schmidt-Luchmann, Anne</marc:subfield>
      <marc:subfield code="4">aut</marc:subfield>
      <marc:subfield code="e">Verfasser/-in</marc:subfield>
   </marc:datafield>
   <marc:datafield ind1=" " ind2=" " tag="653">
      <marc:subfield code="a">Kräuter / Kochbuch</marc:subfield>
   </marc:datafield>
   <marc:datafield ind1=" " ind2=" " tag="653">
      <marc:subfield code="a">Wildkräuter / Beeren</marc:subfield>
   </marc:datafield>
   <marc:datafield ind1="0" ind2="0" tag="245">
      <marc:subfield code="a">Wilde Stadt</marc:subfield>
   </marc:datafield>
   <marc:datafield ind1="0" ind2="0" tag="245">
      <marc:subfield code="b">Urbane Wildkräuterküche</marc:subfield>
   </marc:datafield>
   <marc:datafield ind1="0" ind2="0" tag="245">
      <marc:subfield code="c">Schmidt, Paul</marc:subfield>
   </marc:datafield>
   <marc:datafield ind1=" " ind2="1" tag="264">
      <marc:subfield code="a">Cadolzburg</marc:subfield>
      <marc:subfield code="b">ars vivendi</marc:subfield>
      <marc:subfield code="c">2022</marc:subfield>
   </marc:datafield>
   <marc:datafield ind1=" " ind2=" " tag="250">
      <marc:subfield code="a">1. Auflage</marc:subfield>
   </marc:datafield>
   <marc:datafield ind1="1" ind2=" " tag="520">
      <marc:subfield code="a">Außergewöhnliche Wildkräuterküche für anspruchsvolle Genießer.&#xD;
Miesmuscheln mit Queller und Quendel, Hopfenblätter im Bierteig&#xD;
oder Löwenzahnblüten-Parfait mit Bienenpollen: Das Autorenduo Anne&#xD;
Schmidt-Luchmann und Paul Schmidt beherrscht das Fine dining mit&#xD;
Wildkräutern perfekt. In ihrem Berliner Supper Club holen sich die Wildkräuterexpertin und der Hobbykoch immer wieder neue Inspiration für&#xD;
ihre Kreationen und bezaubern das städtische Publikum mit ausgefallenen&#xD;
Gerichten, in denen die Wildkräuter der Star sind. &#xD;
In diesem Kochbuch präsentieren die Autoren über 80 exklusive Rezepte und Menüs für das ganze Jahr und geben viele Informationen über das Sammeln, Zubereiten und Essen von Wildkräutern.</marc:subfield>
   </marc:datafield>
   <marc:datafield ind1=" " ind2=" " tag="020">
      <marc:subfield code="a">9783747204153</marc:subfield>
      <marc:subfield code="9">9783747204153</marc:subfield>
   </marc:datafield>
   <marc:datafield ind1=" " ind2=" " tag="020">
      <marc:subfield code="a">3747204155</marc:subfield>
      <marc:subfield code="9">3747204155</marc:subfield>
   </marc:datafield>
   <marc:datafield ind1=" " ind2=" " tag="041">
      <marc:subfield code="a">ger</marc:subfield>
   </marc:datafield>
   <marc:datafield ind1=" " ind2=" " tag="300">
      <marc:subfield code="b">Illustrationen</marc:subfield>
   </marc:datafield>
   <marc:datafield ind1=" " ind2=" " tag="338">
      <marc:subfield code="a">Band</marc:subfield>
   </marc:datafield>
   <marc:datafield ind1=" " ind2=" " tag="300">
      <marc:subfield code="a">237 Seiten</marc:subfield>
   </marc:datafield>
</marc:record>
